000 00653cab a2200229 4500
001 WB3313-21
008 090401t1997 xxu||||| |||| 00| 0 eng d
035 _a(Sirsi) u77430
041 _aeng
245 _aScottish house prices up
260 _c1997
350 _a0
490 _aScotsman
_v25 March 1997, 6(1)
520 _aHouse prices in Scotland have risen by 4% in the past year, according to the Royal Bank of Scotland.
650 _aHOUSE PRICES
650 _aHOUSE SALES
650 _aPRICE RISES
650 _aSCOTLAND
690 _aPROPERTY-RESIDENTIAL PROPERTY-RESIDENTIAL PROPERTY MARKET
942 _n0
948 _c26/03/1997
999 _c48684
_d48684